| 000 | 00622nam a22002177a 4500 | ||
|---|---|---|---|
| 003 | OSt | ||
| 005 | 20260423065015.0 | ||
| 008 | 260423b |||||||| |||| 00| 0 eng d | ||
| 020 | _a0-07-118345-0. | ||
| 040 |
_aDWC-Main lib. _cOC |
||
| 082 |
_23rd ed. _aCirc. 516.2 R37g 2000 |
||
| 100 | _aSchmidt, Philip A. | ||
| 245 |
_aSchaum's outlines : _bGeometry/ _cPhilip A. Schmidt |
||
| 260 |
_aNew York: _bMcGraw-Hill, _cc2000. |
||
| 300 |
_aix, 369 p. ; _c26 cm. |
||
| 504 | _aIncludes index. | ||
| 650 | _a1. Geometry. | ||
| 700 | _aBarnett, Rick | ||
| 760 | _b3rd ed. | ||
| 942 |
_2ddc _cBK-CIRC _e3rd ed. _hCirc. _n0 |
||
| 999 |
_c9803 _d9803 |
||